000 00510nam a2200181 a 4500
001 7256
003 CO-ViMGA
008 141112s2004 ck r 000 u spa d
020 _a9501408515
040 _aCO-ViMGA
_bspa
_cCO-ViMGA
082 0 4 _a346.017 I577
100 1 _aInstituto InterAméricano del niño
_96421
245 1 0 _aLegislación atinente a la niñez en las Américas
260 _aBuenos Aires :
_bDepalma,
_c1995
300 _a281 p
650 1 4 _aNIÑOS - ASPECTOS LEGALES
_96422
942 _2ddc
_cBK
999 _c19215
_d19215